| 000 | 00878nam a22002897a 4500 | ||
|---|---|---|---|
| 003 | CHAP | ||
| 005 | 20220329133938.0 | ||
| 008 | 971013s1967 r 00010 d | ||
| 010 | _a13025 | ||
| 011 | _a13997 | ||
| 035 | _a18070 | ||
| 040 | _cCHAP | ||
| 082 |
_a636.089819 _bH45 |
||
| 100 | 0 | 0 |
_aHeidrich, H. J. _953333 |
| 245 | _aDiseases of the mammary glands of domestic animals | ||
| 260 |
_aPhiladdelphia : _bSaunders, _c1967 |
||
| 300 |
_a371 p. _b: ilus. |
||
| 590 |
_aBATCH-UPD _b10 _c20130110 _lUCH01 _h2038 |
||
| 590 |
_aBATCH-UPD _b10 _c20130410 _lUCH01 _h1353 |
||
| 590 |
_aBATCH-UPD _b10 _c20130914 _lUCH01 _h1545 |
||
| 590 |
_aCONVERSION _b10 _c20130109 _lUCH01 _h1308 |
||
| 650 | 1 | 4 |
_aGlándulas mamarias _xEnfermedades. _948294 |
| 700 | 0 |
_aRenk, W. _995956 |
|
| 901 | _aBK | ||
| 942 | _cLIBRO | ||
| 949 |
_a636.089819 H45 _bBC _cLIBRO _d-42218 _eLIBRO _h11646 _i18070 _si |
||
| 999 |
_c13025 _d13025 |
||